| 000 | 00901cam a2200265 i 4500 | ||
|---|---|---|---|
| 999 |
_c3213 _d3213 |
||
| 003 | OSt | ||
| 005 | 20210901101109.0 | ||
| 008 | 800122s1980 nyua b 001 0 eng | ||
| 020 | _a0838587569 | ||
| 040 | _cDLC | ||
| 050 | 0 | 0 |
_aRD137 _b.S85 1980 |
| 060 | _aW0925 S974p | ||
| 245 | 0 | 0 |
_aSwenson's pediatric surgery / _cJohn G. Raffensperger (editor). |
| 250 | _a4th ed. | ||
| 260 |
_aNew York : _bAppleton-Century-Crofts, _c1980. |
||
| 300 |
_axvi, 957 p. : _bill. ; _c27 cm. |
||
| 500 | _aPrevious editions, with title: Pediatric surgery, are entered under Swenson, Orvar. | ||
| 504 | _aIncludes bibliographical references and index. | ||
| 650 | 0 |
_aChildren _xSurgery. |
|
| 650 | 2 |
_aSurgery _xIn infancy and childhood. |
|
| 700 | 1 |
_aSwenson, Orvar. _tPediatric surgery. |
|
| 700 | 1 |
_aRaffensperger, John G., _d1928- |
|
| 906 |
_a7 _bcbc _corignew _d1 _eocip _f19 _gy-gencatlg |
||
| 942 |
_2lcc _cBK _nCM |
||